[Event "Ghent Taminco op 37th"]
[Site "Ghent"]
[Date "2014.07.20"]
[Round "4"]
[White "De Vogelaere, Robin"]
[Black "Van der Stricht, Geert"]
[Result "0-1"]
[WhiteElo "1942"]
[BlackElo "2350"]
[PlyCount "68"]
[EventDate "2014.07.19"]
[EventType "swiss"]
[EventRounds "9"]
[EventCountry "BEL"]
[SourceTitle "CBM 161 Extra"]
[Source "ChessBase"]
[SourceDate "2014.08.29"]
[SourceVersion "1"]
[SourceVersionDate "2014.08.29"]
[SourceQuality "1"]

1. d4 Nf6 2. c4 e6 3. Nc3 Bb4 4. Qc2 0-0 5. Bg5 c5 6. a3 Bxc3+ 7. Qxc3 b6 8. dxc5 bxc5 9. Bxf6 Qxf6 10. Qxf6 gxf6 11. e3 Nc6 12. Nf3 Rd8 13. Be2 Kf8 14. 0-0 Rb8 15. Rab1 a5 16. Rfc1 d6 17. Bd1 Ne5 18. Be2 Ke7 19. Nd2 Rg8 20. f4 Ng4 21. Rc3 f5 22. b4 axb4 23. axb4 cxb4 24. Rcb3 Bd7 25. Bxg4 fxg4 26. g3 Bc6 27. Rxb4 Rxb4 28. Rxb4 Ra8 29. Rb2 Ra1+ 30. Kf2 f5 31. Rc2 Kd7 32. Rb2 Kc7 33. Nb1 Be4 34. Nd2 Rh1 0-1

[Event "Geraardsbergen op"]
[Site "Geraardsbergen"]
[Date "2013.08.11"]
[Round "3"]
[White "De Vogelaere, Robin"]
[Black "Okhotnik, Vladimir"]
[Result "0-1"]
[WhiteElo "1944"]
[BlackElo "2414"]
[PlyCount "88"]
[EventDate "2013.08.10"]
[EventType "swiss"]
[EventRounds "9"]
[EventCountry "BEL"]
[SourceTitle "CBM 155 Extra"]
[Source "ChessBase"]
[SourceDate "2013.08.26"]
[SourceVersion "1"]
[SourceVersionDate "2013.08.26"]
[SourceQuality "1"]

1. e4 d6 2. d4 Nf6 3. Nc3 e5 4. Nf3 Nbd7 5. Bc4 Be7 6. 0-0 0-0 7. a4 a5 8. h3 c6 9. Be3 Qc7 10. Ba2 exd4 11. Nxd4 Nc5 12. Qf3 Re8 13. Bg5 Ne6 14. Be3 Nxd4 15. Bxd4 Be6 16. Rae1 Bxa2 17. Nxa2 Nd7 18. Qg3 Bf6 19. Bxf6 Nxf6 20. Nc3 Qb6 21. b3 Re6 22. Re3 Rae8 23. Rfe1 Qc5 24. Qf3 h6 25. Kf1 g6 26. R3e2 Kg7 27. Qd3 Qe5 28. g3 h5 29. Kg2 Qc5 30. Re3 h4 31. g4 d5 32. exd5 cxd5 33. Kf3 Rxe3+ 34. Rxe3 Rxe3+ 35. fxe3 Qd6 36. Qf1 Qe5 37. Qe1 d4 38. Nb5 Qe4+ 39. Kf2 Qxc2+ 40. Kg1 d3 41. Nd4 Qb2 42. Qd1 d2 43. Kf2 Ne4+ 44. Kf3 Nc3 0-1

[Event "BEL-ch U18/20"]
[Site "Houffalize"]
[Date "2011.04.22"]
[Round "8"]
[White "De Vogelaere, Robin"]
[Black "Schuurbiers, Wouter"]
[Result "0-1"]
[WhiteElo "1790"]
[BlackElo "1857"]
[PlyCount "88"]
[EventDate "2011.04.17"]
[EventType "swiss"]
[EventRounds "9"]
[EventCountry "BEL"]
[SourceTitle "EXT 2012"]
[Source "ChessBase"]
[SourceDate "2011.11.24"]
[SourceVersion "1"]
[SourceVersionDate "2011.11.24"]
[SourceQuality "1"]

1. c4 Nf6 2. g3 e6 3. Bg2 d5 4. Nf3 Be7 5. 0-0 0-0 6. b3 Nbd7 7. Bb2 c6 8. d3 Re8 9. Nbd2 Nf8 10. e4 Ng6 11. h3 b6 12. e5 Nd7 13. cxd5 cxd5 14. Re1 Ba6 15. d4 Rc8 16. Nh2 Rc6 17. Nhf1 Qc7 18. Ne3 Rc8 19. Qh5 Bb4 20. Red1 Ne7 21. Nb1 Rc2 22. Bf1 Bxf1 23. Nxc2 Qxc2 24. Kxf1 Qxb2 25. Nd2 Bxd2 26. Qe2 Rc1 27. Raxc1 Bxc1 28. Qxb2 Bxb2 29. Rd2 Ba3 30. Rc2 Nf5 31. Rc7 Nf8 32. Rxa7 Bb2 33. a4 Bxd4 34. g4 Nh4 35. f4 Bc3 36. Rb7 Bd4 37. Ke2 h6 38. Rb8 g5 39. Kd3 Bg1 40. f5 exf5 41. Rd8 f4 42. Rxd5 f3 43. Rd6 f2 44. Ke2 Nfg6 0-1

[Event "BEL-ch U18/20"]
[Site "Houffalize"]
[Date "2011.04.20"]
[Round "5"]
[White "De Vogelaere, Robin"]
[Black "Folie, Nathan"]
[Result "1-0"]
[WhiteElo "1790"]
[BlackElo "1843"]
[PlyCount "51"]
[EventDate "2011.04.17"]
[EventType "swiss"]
[EventRounds "9"]
[EventCountry "BEL"]
[SourceTitle "EXT 2012"]
[Source "ChessBase"]
[SourceDate "2011.11.24"]
[SourceVersion "1"]
[SourceVersionDate "2011.11.24"]
[SourceQuality "1"]

1. c4 Nf6 2. g3 e6 3. Nf3 d5 4. Bg2 Be7 5. 0-0 0-0 6. b3 c5 7. e3 Nc6 8. Bb2 b6 9. a3 Bb7 10. Nc3 a6 11. cxd5 exd5 12. d4 Rb8 13. Na4 Ne4 14. Rc1 cxd4 15. Nxd4 Nxd4 16. Bxd4 b5 17. Nc5 Nxc5 18. Bxc5 Bxc5 19. Rxc5 Qe7 20. Qd4 Rfd8 21. Rfc1 Ba8 22. b4 h6 23. Rc7 Rd7 24. Qa7 Rbd8 25. Rxd7 Qxd7 26. Qxd7 1-0

[Event "BEL-ch U18/20"]
[Site "Houffalize"]
[Date "2011.04.19"]
[Round "4"]
[White "Gijsen, Michelle"]
[Black "De Vogelaere, Robin"]
[Result "0-1"]
[WhiteElo "1676"]
[BlackElo "1790"]
[PlyCount "82"]
[EventDate "2011.04.17"]
[EventType "swiss"]
[EventRounds "9"]
[EventCountry "BEL"]
[SourceTitle "EXT 2012"]
[Source "ChessBase"]
[SourceDate "2011.11.24"]
[SourceVersion "1"]
[SourceVersionDate "2011.11.24"]
[SourceQuality "1"]

1. e4 c6 2. d4 d5 3. exd5 cxd5 4. c4 Nf6 5. Nc3 Nc6 6. Nf3 Bg4 7. cxd5 Nxd5 8. Bb5 e6 9. 0-0 Be7 10. a3 0-0 11. Bxc6 bxc6 12. Qd3 Nxc3 13. bxc3 c5 14. Rd1 cxd4 15. cxd4 Qd5 16. Bf4 Bxf3 17. gxf3 Rfd8 18. Qe4 Rd7 19. Rd3 Rad8 20. Rad1 Bf6 21. Be3 h5 22. Qxd5 Rxd5 23. f4 Be7 24. Kf1 Ra5 25. Bc1 Rdd5 26. Ke2 Ra4 27. Rb3 Bf6 28. Rb4 Rxb4 29. axb4 Be7 30. Kd3 Bxb4 31. Kc4 a5 32. Be3 Kf8 33. Rg1 g6 34. f3 Ke7 35. Bf2 Bd2 36. Bh4+ Kd7 37. Bg5 Rf5 38. Ra1 f6 39. Bh6 h4 40. Rg1 Bxf4 41. Bxf4 Rxf4 0-1

[Event "BEL-ch U20"]
[Site "Houffalize"]
[Date "2009.04.18"]
[Round "8"]
[White "Roos, David"]
[Black "De Vogelaere, Robin"]
[Result "1-0"]
[WhiteElo "1789"]
[BlackElo "1800"]
[PlyCount "65"]
[EventDate "2009.04.13"]
[EventType "swiss"]
[EventRounds "9"]
[EventCountry "BEL"]
[SourceTitle "EXT 2012"]
[Source "ChessBase"]
[SourceDate "2011.11.24"]
[SourceVersion "1"]
[SourceVersionDate "2011.11.24"]
[SourceQuality "1"]

1. e4 g6 2. Nc3 Bg7 3. f4 d6 4. Nf3 a6 5. a4 b6 6. Bc4 Nf6 7. 0-0 0-0 8. d3 e6 9. Qe1 Bb7 10. Qh4 Nbd7 11. Ba2 c5 12. f5 exf5 13. exf5 Ne5 14. Bg5 Nxf3+ 15. gxf3 d5 16. Rae1 Qd6 17. Bh6 Rae8 18. fxg6 fxg6 19. Ne4 Nxe4 20. fxe4 Bd4+ 21. Kh1 Rxf1+ 22. Rxf1 Bxb2 23. Qf2 Qe7 24. c4 dxe4 25. Qxb2 exd3+ 26. Kg1 Qd7 27. h3 d2 28. Bb3 Qc7 29. Qc3 a5 30. Bd1 Ba8 31. Bg4 d1Q 32. Rxd1 Bb7 33. Be6+ 1-0

[Event "BEL-ch U20"]
[Site "Houffalize"]
[Date "2009.04.16"]
[Round "6"]
[White "De Vogelaere, Robin"]
[Black "Larmuseau, Maarten"]
[Result "0-1"]
[WhiteElo "1800"]
[BlackElo "2169"]
[PlyCount "84"]
[EventDate "2009.04.13"]
[EventType "swiss"]
[EventRounds "9"]
[EventCountry "BEL"]
[SourceTitle "EXT 2012"]
[Source "ChessBase"]
[SourceDate "2011.11.24"]
[SourceVersion "1"]
[SourceVersionDate "2011.11.24"]
[SourceQuality "1"]

1. Nf3 Nf6 2. g3 b6 3. Bg2 Bb7 4. 0-0 e6 5. c4 Be7 6. b3 0-0 7. Bb2 d6 8. Nc3 c5 9. e3 a6 10. a3 Qc7 11. Qc2 Nbd7 12. Rfd1 Rac8 13. Rac1 Rfd8 14. Qb1 Qb8 15. d3 Qa8 16. e4 d5 17. cxd5 exd5 18. e5 Ne8 19. Re1 Nc7 20. d4 Ne6 21. Rcd1 b5 22. Ne2 a5 23. Nf4 c4 24. Bc1 b4 25. a4 cxb3 26. Nxe6 fxe6 27. Bh3 Nf8 28. Bd2 Ba6 29. Qxb3 Bc4 30. Qe3 Rb8 31. Bf1 b3 32. Rb1 Bb4 33. Red1 Qc6 34. Rdc1 Ba3 35. Rc3 Qxa4 36. Be2 Bb4 37. Rcc1 Bxd2 38. Nxd2 b2 39. Rc3 Bxe2 40. Qxe2 Qxd4 41. Rd3 Qa4 42. Nb3 Rxb3 0-1

[Event "BEL-ch U20"]
[Site "Houffalize"]
[Date "2009.04.15"]
[Round "4"]
[White "Deschepper, Jeroen"]
[Black "De Vogelaere, Robin"]
[Result "0-1"]
[WhiteElo "2054"]
[BlackElo "1800"]
[PlyCount "68"]
[EventDate "2009.04.13"]
[EventType "swiss"]
[EventRounds "9"]
[EventCountry "BEL"]
[SourceTitle "EXT 2012"]
[Source "ChessBase"]
[SourceDate "2011.11.24"]
[SourceVersion "1"]
[SourceVersionDate "2011.11.24"]
[SourceQuality "1"]

1. d4 Nf6 2. Nf3 e6 3. g3 b6 4. Bg2 Bb7 5. 0-0 c5 6. c4 cxd4 7. a3 Bxf3 8. Bxf3 Nc6 9. b4 Rc8 10. Bb2 Ne5 11. Bb7 Rc7 12. Ba6 Nxc4 13. Bxd4 d5 14. Nd2 Nd6 15. e4 Nfxe4 16. Nxe4 dxe4 17. Be5 f6 18. Bxd6 Bxd6 19. Qh5+ g6 20. Bb5+ Kf7 21. Qh6 Qf8 22. Qe3 f5 23. Qd4 Be7 24. Qe5 Qd8 25. Rad1 Bf6 26. Qf4 Qe7 27. g4 Rd8 28. Ba4 Rc3 29. Rxd8 Qxd8 30. gxf5 exf5 31. Rd1 Rd3 32. Rc1 Kg8 33. h4 Bxh4 34. Qe5 Qg5+ 0-1

[Event "BEL-ch U20"]
[Site "Houffalize"]
[Date "2009.04.13"]
[Round "1"]
[White "De Vogelaere, Robin"]
[Black "Belet, Artium"]
[Result "1-0"]
[WhiteElo "1800"]
[BlackElo "1282"]
[PlyCount "45"]
[EventDate "2009.04.13"]
[EventType "swiss"]
[EventRounds "9"]
[EventCountry "BEL"]
[SourceTitle "EXT 2012"]
[Source "ChessBase"]
[SourceDate "2011.11.24"]
[SourceVersion "1"]
[SourceVersionDate "2011.11.24"]
[SourceQuality "1"]

1. Nf3 d5 2. c4 c6 3. g3 Nf6 4. Bg2 Bg4 5. Ne5 Qc8 6. Nxg4 Qxg4 7. cxd5 cxd5 8. Nc3 e6 9. h3 Qg6 10. Qb3 b6 11. Nb5 Kd7 12. d3 Nc6 13. Bf4 Bb4+ 14. Nc3 Rac8 15. 0-0 Ba5 16. Rac1 Nd4 17. Qa4+ Nc6 18. Nb5 e5 19. Nxa7 exf4 20. Nxc6 Kd6 21. Qa3+ Ke6 22. Qe7+ Kf5 23. Qe5# 1-0

[Event "Ghent Taminco op 31st"]
[Site "Ghent"]
[Date "2008.07.19"]
[Round "1"]
[White "Froeyman, Helmut"]
[Black "De Vogelaere, Robin"]
[Result "1-0"]
[WhiteElo "2262"]
[BlackElo "1747"]
[PlyCount "63"]
[EventDate "2008.07.19"]
[EventType "swiss"]
[EventRounds "9"]
[EventCountry "BEL"]
[SourceTitle "CBM 125 Extra"]
[Source "ChessBase"]
[SourceDate "2008.09.01"]
[SourceVersion "1"]
[SourceVersionDate "2008.09.01"]
[SourceQuality "1"]

1. e4 g6 2. d4 Bg7 3. Nf3 d6 4. Nc3 a6 5. Be2 b5 6. 0-0 Nd7 7. a4 b4 8. Nd5 Ngf6 9. Nxb4 c5 10. dxc5 dxc5 11. Na2 Qc7 12. Nc3 Bb7 13. Bc4 Nxe4 14. Nxe4 Bxe4 15. Bxf7+ Kxf7 16. Ng5+ Ke8 17. Nxe4 Be5 18. h3 h6 19. Re1 g5 20. Ra3 Rb8 21. Qh5+ Kd8 22. Rd3 Kc8 23. Red1 Bd4 24. c3 Ne5 25. Rg3 Qc6 26. cxd4 Qxe4 27. dxe5 Rd8 28. Rc3 Rd5 29. Rxd5 Qxd5 30. Qe8+ Kb7 31. Qxe7+ Ka8 32. Qxc5 1-0